| 000 | 00811nam a22002297a 4500 | ||
|---|---|---|---|
| 999 |
_c17891 _d17891 |
||
| 003 | AR-CdUCM | ||
| 008 | 190510b ||||| |||| 00| 0 spa d | ||
| 040 |
_aMUNICIPALIDAD PROVINCIAL DEL CUSCO _cBIBLIOTECA MUNICIPAL DEL CUSCO |
||
| 082 |
_a104 / _bM26 |
||
| 100 |
_aMarcuse, Herbert _913020 |
||
| 245 | _aEl fin de la utopía / | ||
| 260 |
_aMéxico : _bSiglo veintiuno editores, _c1967. |
||
| 300 |
_a170 páginas ; _c2o cm. |
||
| 440 |
_aEl mundo del hombre _938111 |
||
| 505 | _aContenido : El fin de la utopía -- Problema de la oposición -- Moral y política -- Vietnam el tercer mundo de la oposición en la metrópolis. | ||
| 650 |
_aSociologia _9276 |
||
| 650 |
_aPolitica _9291 |
||
| 650 |
_aSociedad opulenta _938112 |
||
| 700 |
_aGerhard, Carlos _96192 |
||
| 942 |
_2ddc _cLIBROS |
||
| 945 | _arcc | ||